000 01474cam a2200313 i 4500
001 bg
003 KOSZ 005
005 20191016080515.0
008 990226s1998 pl a |100 0 pol
015 _aPB 1999/6857
040 _aWA N
_cKOSZ 005/HR
_dKOSZ 005/HR
041 0 _apol
_aeng
_beng
_bpol
080 _a69.059.25
080 _a(06)
245 0 0 _aProblemy remontowe w budownictwie ogólnym :
_bVIII konferencja naukowo-techniczna, Wrocław - Kudowa Zdrój, 2-5 grudnia 1998.
246 1 3 _aRefurbishment problems in general building.
260 _aWrocław :
_bOficyna Wydawnicza PW,
_c1998.
300 _a296 s. :
_bfot., 1 pl., rys., wykr. ;
_c24 cm.
490 1 _aPrace Naukowe Instytutu Budownictwa Politechniki Wrocławskiej. Konferencje =
_aScientific Papers of the Institute of Building Engineering of the Wrocław University of Technology. Conferences
_x0324-9883 ;
_v24.
500 _aTyt. równol. : Refurbishment problems in general building. - Nr serii gł. : 71.
504 _aBibliogr. przy ref.
546 _aTekst częśc. ang. - Streszcz. ang., pol.
650 4 _aBudownictwo
_xremont.
655 4 _aMateriały konferencyjne
830 0 _aPrace Naukowe Instytutu Budownictwa Politechniki Wrocławskiej
_v71.
830 0 _aPrace Naukowe Instytutu Budownictwa Politechniki Wrocławskiej.
_pKonferencje ;
_v24.
856 _uhttp://koha.tu.koszalin.pl/cgi-bin/koha/opac-detail.pl?biblionumber=34523
942 _2UKD
_cKS
999 _c34523
_d34523